000 00421cam a2200157ua 4500
020 _c1.50
041 _amal
_h
082 _a894.812301
_bKES/KO
100 _aKesava Dev, P .
245 _aKollaruthaniya, kollaruthu! /
_cP Kesava Dev.
_hTextual Documents
260 _aKottayam :
_bSahitya Pravarthaka Co-operative Society ,
_c1961.
300 _a54 ; .
365 _a1.50
942 _cBK
999 _c5232
_d5232